| 000 | 00799cab a22001935a 4500 | ||
|---|---|---|---|
| 001 | L144282 | ||
| 008 | 080708e20080627xxka f 000 0 eng d | ||
| 035 | _a(Sirsi) u144282 | ||
| 041 | 0 | _aeng | |
| 100 | 1 | _aGardiner, Joey | |
| 245 | 0 | 0 | _aVoyage to the world |
| 260 | _c2008 | ||
| 490 | 0 |
_aBuilding _v273(8535) 27 June 2008, 50-51(2) |
|
| 520 | _aDiscusses sustainable housing in Sweden. Asks what can be learned from their experiments. Suggests that the public sector should provide a local green infrastructure and give local government the ability to take decisions. Finds that green living relies on occupiers to do their bit. Provides two case studies from Stockholm and Malmo. | ||
| 590 | _aKA | ||
| 651 | 4 | _aSweden | |
| 690 | _aBUILT ENVIRONMENT-SUSTAINABLE CONSTRUCTION | ||
| 942 | _n0 | ||
| 999 |
_c80415 _d80415 |
||